|
|
|
|
| LEADER |
00000cam a2200000 a 4500 |
| 001 |
vtls001449676 |
| 003 |
SK-MaSNL |
| 005 |
20260301203112.0 |
| 008 |
251031s2002 xo a r 00000 slo |
| 015 |
|
|
|a SNBA2003/06-01857
|
| 020 |
|
|
|a 8071457035
|
| 035 |
|
|
|a SNK000404957
|
| 040 |
|
|
|a SNK
|b slo
|c SNK
|e AACR2
|
| 041 |
1 |
|
|a slo
|h fre
|
| 044 |
|
|
|a xo
|c SK
|
| 072 |
|
7 |
|a 630
|2 konspekt
|
| 072 |
|
7 |
|a 821-93
|x Literatúra pre deti a mládež
|2 konspekt
|
| 080 |
|
|
|a 630.1
|2 2. slo
|
| 080 |
|
|
|a 630.1
|2 1981
|
| 080 |
|
|
|a 57.081.1
|2 1981
|
| 080 |
|
|
|a 82-93
|2 1981
|
| 100 |
1 |
|
|a Gourier, James
|d 1958-
|4 aut
|9 586123
|
| 240 |
1 |
0 |
|a Guide de jeune Robinson en foret
|l Slovensky
|
| 245 |
1 |
0 |
|a Mladý pozorovateľ v lese
|c James Gaurier ; ilustrácie Élisabeth Bogaertová, William Fraschini, Caroline Picardová ; [z francúzskeho originálu preložila Edita Mišíková]
|
| 250 |
|
|
|a 1. slov. vyd.
|
| 260 |
|
|
|a Bratislava
|b Slovart
|c 2002
|
| 300 |
|
|
|a 123 s.
|b fareb. ilustr.
|c 20 cm
|
| 500 |
|
|
|a Údaj o prekl. prevzatý z front.
|
| 504 |
|
|
|a Reg. Zoz.
|
| 650 |
0 |
7 |
|a lesy
|2 SNKPH
|9 1437
|
| 650 |
0 |
7 |
|a ekológia lesa
|2 SNKPH
|9 67319
|
| 650 |
0 |
7 |
|a pozorovanie prírody
|2 SNKPH
|9 3812
|
| 650 |
0 |
7 |
|a lesníctvo
|2 SNKPH
|9 1255
|
| 655 |
|
7 |
|a príručky
|2 SNKPH
|9 74364
|
| 655 |
|
7 |
|a publikácie pre deti
|2 SNKPH
|9 70148
|
| 655 |
|
7 |
|a populárno-náučné publikácie
|2 SNKPH
|9 70460
|
| 700 |
1 |
|
|a Bogaert, Élisabeth
|4 ill
|9 572474
|
| 700 |
1 |
|
|a Fraschini, William
|4 ill
|9 586124
|
| 700 |
1 |
|
|a Picard, Caroline
|4 aut
|9 586125
|
| 730 |
|
|
|a Guide de jeune Robinson en foret
|9 586126
|
| 919 |
|
|
|a 80-7145-703-5
|
| 958 |
|
|
|a OP
|
| 958 |
|
|
|a NS
|
| 958 |
|
|
|a FR
|
| 999 |
|
|
|c 901340
|d 903270
|
| 952 |
|
|
|t P60, <03>, [BOOK], {603}
|a SNK
|b SNK
|y PREZ
|7 0
|p 17A0375144
|o snkSD 72733
|i snkKSP 2369/2003
|0 0
|1 0
|4 0
|d 2003-02-14
|l 0
|r 2025-11-20 00:00:00
|w 2026-02-24
|
| 952 |
|
|
|t P60, <04>, [BOOK], {604}
|a SNK
|b SNK
|y VYP
|7 0
|p 17A0375145
|o snkSD 72733 D1
|i snkKSP 2370/2003
|0 0
|1 0
|4 0
|d 2003-02-14
|l 0
|r 2005-01-02 00:00:00
|w 2026-02-24
|